Dragones y dioses : el arte y los símbolos de la civilización maya /
Saved in:
| Main Author: | |
|---|---|
| Format: | Book |
| Language: | Spanish |
| Published: |
Madrid :
Editorial Trotta,
2010.
|
| Series: | Colección Paradigmas ;
45. |
| Subjects: | |
| Tags: |
Add Tag
No Tags, Be the first to tag this record!
|
| LEADER | 01031cam a2200349 a 4500 | ||
|---|---|---|---|
| 001 | 012678956-8 | ||
| 005 | 20150411044531.0 | ||
| 008 | 100928s2010 sp a b 001 0 spa | ||
| 010 | |a 2010518797 | ||
| 020 | |a 9788498791662 | ||
| 035 | 0 | |a ocn693751102 | |
| 040 | |a DLC |c DLC |d DLC | ||
| 042 | |a pcc | ||
| 043 | |a n-mx--- |a nc----- | ||
| 050 | 0 | 0 | |a F1435.3.R3 |b R588 2010 |
| 082 | 0 | 0 | |a 299.7/842 |2 22 |
| 100 | 1 | |a Rivera Dorado, Miguel. | |
| 245 | 1 | 0 | |a Dragones y dioses : |b el arte y los símbolos de la civilización maya / |c Miguel Rivera Dorado. |
| 260 | |a Madrid : |b Editorial Trotta, |c 2010. | ||
| 300 | |a 324 p. : |b ill. ; |c 23 cm. | ||
| 490 | 1 | |a Colección Paradigmas ; |v 45 | |
| 504 | |a Includes bibliographical references and index. | ||
| 650 | 0 | |a Mayas |x Religion. | |
| 650 | 0 | |a Maya mythology. | |
| 650 | 0 | |a Dragons |v Folklore. | |
| 650 | 0 | |a Maya gods. | |
| 650 | 0 | |a Signs and symbols. | |
| 730 | 0 | |a Digitalia. |5 net | |
| 830 | 0 | |a Colección Paradigmas ; |v 45. | |
| 899 | |a 415_565652 | ||
| 988 | |a 20110207 | ||
| 906 | |0 DLC | ||


